000 00739cam a22002171 4500
001 sa 64008038
003 DLC
005 20260227112051.0
008 750604s1963 xx 000 0 eng
010 _asa 64008038
035 _a(OCoLC)1372605
040 _aDLC
_cNSyU
_dOCoLC
_dDLC
042 _apremarc
050 0 0 _aLA1151
_b.A28 vol. 2
100 1 _aNaik, J. P.,
_eed.
245 1 0 _aDevelopment of university education, 1860-87,
_cedited by J.P.Naik.
260 _aDelhi,
_bPublished for the National Archives of India by the Manager of Publications, Govt.of India,
_c1963.
300 _alxvii, 558p.
_c25cm.
440 0 _aSelections from educational records of the Government of India,
_vv.2
504 _aBibliography: p. 536-539.
999 _c60649
_d60649